| 000 | 01869nmm a2200469 a 4500 | ||
|---|---|---|---|
| 003 | AR-BaBNM | ||
| 005 | 20251128204033.0 | ||
| 008 | 027019s1990 ||||||||||||||000 | spa|| | ||
| 020 | _a968-6078-82-7 | ||
| 040 | _cAR-BaBNM | ||
| 110 | 2 |
_aOrganización de Estados Americanos _9OEA |
|
| 245 | 1 | 0 |
_aAlternativas de educación para grupos culturalmente diferenciados _bmodelos de programas educativos para el desarrollo integral a nivel artesanal. 2 |
| 260 |
_aPátzcuaro _bOEA _bCrefal _c1990 |
||
| 300 |
_axv, 194 p. _bdiagr., il. |
||
| 500 | _aOEA: Organización de Estados Americanos | ||
| 500 | _aCREFAL: Centro Regional de Educación de Adultos y Alfabetización Funcional para América Latina | ||
| 500 | _aContiene en Anexos: Desarrollo del Proyecto Multinacional de Cultura Popular y Educación | ||
| 500 | _aNómina de participantes del II Taller "Modelos de Programas Educativos para el Desarrollo Artesanal integral a nivel comunitario" | ||
| 504 | _aContiene bibliografía al final de cada capítulo | ||
| 650 | 4 | _aEDUCACION DE ADULTOS | |
| 650 | 4 | _aALFABETIZACION | |
| 650 | 4 | _aARTESANIAS | |
| 650 | 4 | _aDIFERENCIACION CULTURAL | |
| 650 | 4 | _aDIFERENCIACION SOCIAL | |
| 650 | 4 | _aTRABAJADORES AGRICOLAS | |
| 650 | 4 | _aDESARROLLO DE LA COMUNIDAD | |
| 653 | _aINVESTIGACION EDUCATIVA | ||
| 653 | _aEDUCACION POPULAR | ||
| 700 | 1 |
_aChamorro, Inés _eprologuista |
|
| 700 | 1 |
_aDuque, Ana María _eprologuista |
|
| 700 | 1 |
_aNilo, Sergio _eprologuista |
|
| 700 | 1 | _aSalas, María Angélica | |
| 700 | 1 | _aDuque, Cecilia | |
| 700 | 1 | _aSolano, Pablo | |
| 700 | 1 | _aOteiza, Fidel | |
| 700 | 1 | _aSoto Cornejo, Isabel | |
| 700 | 1 | _aRichards, Howard | |
| 700 | 1 | _aBenson, Susana S. | |
| 710 | 2 |
_aCentro de Cooperación Regional para la Educación de los Adultos en América Latina y el Caribe _9CREFAL |
|
| 942 | _cBK | ||
| 998 | _cSILVI | ||
| 999 |
_c5902 _d5902 |
||